00834cam a2200205 a 4500008004100000020002200041245014200063260004800205300002500253650006100278650007800339650005700417650006300474700002000537700002000557700002400577003000100601005001700602040000900619  a1853392901 (pbk.)00aGrassroot horizons :bconnecting participatory development initiatives East and West /cRichard Morse, Anisur Rahman, Kersten L. Johnson. aNew Delhi :bOxford & IBH Pub. Co.,cc1995. axv, 377 p. ;c24 cm. 0aCommunity developmentxDeveloping countriesvCongresses. 0aDeveloping countriesxEconomic policyxCitizen participationvCongresses. 0aDeveloping countriesxSocial conditionsvCongresses. 0aDeveloping countriesxPolitics and governmentvCongresses. aMorse, Richard.1 aRahman, Anisur.1 aJohnson, Kersten L.20230123122258.0 cNUST